|
|
|
|
| LEADER |
03534nam a2200853 4500 |
| 001 |
ocn805701832 |
| 003 |
OCoLC |
| 005 |
20170124070502.4 |
| 006 |
m o d |
| 007 |
cr ||||||||||| |
| 008 |
120808s2013 enk ob 001 0 eng |
| 010 |
|
|
|a 2012032266
|
| 040 |
|
|
|a DLC
|b eng
|e rda
|e pn
|c DLC
|d YDX
|d N$T
|d UIU
|d YDXCP
|d IEEEE
|d E7B
|d DG1
|d ZMC
|d COO
|d DEBSZ
|d CDX
|d UMI
|d B24X7
|d IDEBK
|d UBY
|d OCLCQ
|d OCLCO
|d IAS
|d AZK
|d OCLCO
|d GrThAP
|
| 019 |
|
|
|a 819631531
|a 837185197
|a 841331227
|a 961625937
|a 962695167
|
| 020 |
|
|
|a 9781118460634
|q (ePub)
|
| 020 |
|
|
|a 1118460634
|q (ePub)
|
| 020 |
|
|
|a 9781118460627
|q (Adobe PDF)
|
| 020 |
|
|
|a 1118460626
|q (Adobe PDF)
|
| 020 |
|
|
|a 9781118460597
|q (MobiPocket)
|
| 020 |
|
|
|a 1118460596
|q (MobiPocket)
|
| 020 |
|
|
|a 9781118460641
|q (electronic bk.)
|
| 020 |
|
|
|a 1118460642
|q (electronic bk.)
|
| 020 |
|
|
|a 9781283715201
|q (MyiLibrary)
|
| 020 |
|
|
|a 1283715201
|q (MyiLibrary)
|
| 020 |
|
|
|a 1119942705
|
| 020 |
|
|
|a 9781119942702
|
| 020 |
|
|
|z 9781119942702
|q (cloth)
|
| 029 |
1 |
|
|a AU@
|b 000050207111
|
| 029 |
1 |
|
|a AU@
|b 000051433160
|
| 029 |
1 |
|
|a CHBIS
|b 010058620
|
| 029 |
1 |
|
|a CHVBK
|b 309707870
|
| 029 |
1 |
|
|a DEBBG
|b BV041121696
|
| 029 |
1 |
|
|a DEBSZ
|b 377426881
|
| 029 |
1 |
|
|a DEBSZ
|b 39676620X
|
| 029 |
1 |
|
|a DKDLA
|b 820120-katalog:000600899
|
| 029 |
1 |
|
|a NZ1
|b 14832582
|
| 029 |
1 |
|
|a NZ1
|b 15340269
|
| 035 |
|
|
|a (OCoLC)805701832
|z (OCoLC)819631531
|z (OCoLC)837185197
|z (OCoLC)841331227
|z (OCoLC)961625937
|z (OCoLC)962695167
|
| 037 |
|
|
|a CL0500000213
|b Safari Books Online
|
| 042 |
|
|
|a pcc
|
| 050 |
0 |
0 |
|a TK2211
|
| 072 |
|
7 |
|a TEC
|x 009070
|2 bisacsh
|
| 082 |
0 |
0 |
|a 621.46
|2 23
|
| 049 |
|
|
|a MAIN
|
| 100 |
1 |
|
|a Alacoque, Jean Claude.
|
| 245 |
1 |
0 |
|a Direct eigen control for induction machines and synchronous motors /
|c Jean Claude Alacoque.
|
| 264 |
|
1 |
|a Chichester, West Sussex, United Kingdom :
|b John Wiley & Sons Inc.,
|c 2013.
|
| 300 |
|
|
|a 1 online resource.
|
| 336 |
|
|
|a text
|b txt
|2 rdacontent
|
| 337 |
|
|
|a computer
|b c
|2 rdamedia
|
| 338 |
|
|
|a online resource
|b cr
|2 rdacarrier
|
| 347 |
|
|
|a data file
|2 rda
|
| 380 |
|
|
|a Bibliography
|
| 490 |
0 |
|
|a Wiley - IEEE
|
| 504 |
|
|
|a Includes bibliographical references and index.
|
| 588 |
0 |
|
|a Print version record and CIP data provided by publisher.
|
| 505 |
0 |
0 |
|t Induction Machine --
|t Surface-Mounted Permanent-Magnet Synchronous Motor --
|t Interior Permanent Magnet Synchronous Motor --
|t Inverter supply -- Lc filter --
|t Conclusion --
|t Calculation of Vector PWM --
|t Transfer Matrix Calculation --
|t Transfer Matrix Inversion --
|t State-Space Eigenvector Calculation --
|t F and G Matrix Calculations.
|
| 650 |
|
0 |
|a Electric motors
|x Automatic control.
|
| 650 |
|
0 |
|a Electric machinery, Induction
|x Automatic control.
|
| 650 |
|
0 |
|a Control theory.
|
| 650 |
|
0 |
|a Eigenfunctions.
|
| 650 |
|
4 |
|a Electric motors
|x Automatic control.
|
| 650 |
|
4 |
|a Electric machinery, Induction
|x Automatic control.
|
| 650 |
|
4 |
|a Control theory.
|
| 650 |
|
4 |
|a Eigenfunctions.
|
| 650 |
|
7 |
|a TECHNOLOGY & ENGINEERING
|x Mechanical.
|2 bisacsh
|
| 650 |
|
7 |
|a Electric motors / Automatic control.
|2 local
|
| 650 |
|
7 |
|a Electric machinery, Induction / Automatic control.
|2 local
|
| 650 |
|
7 |
|a Control theory.
|2 local
|
| 650 |
|
7 |
|a Eigenfunctions.
|2 local
|
| 655 |
|
4 |
|a Electronic books.
|
| 776 |
0 |
8 |
|i Print version:
|a Alacoque, Jean-Claude.
|t Direct eigen control for induction machines and synchronous motors
|z 9781119942702
|w (DLC) 2012023515
|
| 856 |
4 |
0 |
|u https://doi.org/10.1002/9781118460641
|z Full Text via HEAL-Link
|
| 994 |
|
|
|a 92
|b DG1
|